| 000 | 00668nam a22002172 4500 | ||
|---|---|---|---|
| 001 | 0000004207 | ||
| 005 | 20151217154345.0 | ||
| 008 | 070521s xx 000 0 eng d | ||
| 020 | _a0130460265 : | ||
| 040 |
_aKABU _cKABU |
||
| 050 | 0 |
_aQA372 _b.C66 |
|
| 100 | 1 |
_aConrad, Bruce P. _@0000154649 |
|
| 245 | 1 | 0 |
_aDifferential equations : _ba systems approach / _cBruce P. Conrad. |
| 260 |
_aUpper Saddle River, NJ : _bPrentice Hall, _c2003. |
||
| 300 |
_axvii, 462, [40] p. : _bill. ; _c25 cm. |
||
| 500 | _aIncludes index. | ||
| 650 | 0 |
_aDifferential equations. _@0000154646 |
|
| 908 | _a070521 | ||
| 950 | _@1 | ||
| 999 |
_c10741 _d10741 |
||